000 01043nam a2200301 c 4500
003 BLK
005 20250621105004.0
008 180411b bul|||||r ||||||| ||bul||
020 _a9786199073070
040 _aBLK
041 _aBUL
_cBUL
080 _aБългарска литература
_b821.163.2
_x-4
_z821.163.2-4
100 _aНиколов, Стоян Петров
_eпърви автор
_9465178
139 _aНиколов, Стоян Петров
_bН 74
245 1 0 _a101 текста на Торлака за Биволъ
_cСтоян Николов-Торлака.
257 _aBGR
260 _bПопов мост
_c2020
_aСофия
300 _a319 с.
_c21 см
380 _aX
500 _aАвтограф с текст: С рогата напредъ! Подпис
852 _aЦб 309695
_bЦб
852 _bП
_c821.163.2-4/Н 74 С
856 4 _qpdf
856 4 _qpdf
942 _cKNG
_n0
_08
_s1
944 _aCR
_c2021-09-28
_k30550
_lКети Илиева
944 _aED
_kМ.Я.
999 _c189646
_d189646